000
00524nam a2200169Ia 4500
008
090711s9999 xx 000 0 und d
082
_b
53505
100
_a
रामदासी मारुतीबुवा
245
_a
ज्ञानयोग
260
_c
1983
300
_a
100
600
_a
रामदासी मारुतीबुवा
630
_a
ज्ञानयोग
700
_a
रामदासी मारुतीबुवा
730
_a
ज्ञानयोग
942
_c
BOOK
999
_c
283548
_d
283548